MANAGEMENT INFORMATION SYSTEM (Record no. 18)
[ view plain ]
| 000 -LEADER | |
|---|---|
| fixed length control field | 00392nam a2200169Ia 4500 |
| 003 - CONTROL NUMBER IDENTIFIER | |
| control field | OSt |
| 005 - DATE AND TIME OF LATEST TRANSACTION | |
| control field | 20240111155831.0 |
| 008 - FIXED-LENGTH DATA ELEMENTS--GENERAL INFORMATION | |
| fixed length control field | 170523s9999 xx 000 0 und d |
| 020 ## - INTERNATIONAL STANDARD BOOK NUMBER | |
| International Standard Book Number | 0706996445 |
| 040 ## - CATALOGING SOURCE | |
| Transcribing agency | iimt university meerut |
| 100 ## - MAIN ENTRY--PERSONAL NAME | |
| Personal name | BANERJEE- UTPAL K |
| 245 #0 - TITLE STATEMENT | |
| Title | MANAGEMENT INFORMATION SYSTEM |
| 260 ## - PUBLICATION, DISTRIBUTION, ETC. | |
| Name of publisher, distributor, etc. | Vikas Publication |
| 260 ## - PUBLICATION, DISTRIBUTION, ETC. | |
| Date of publication, distribution, etc. | 1995 |
| 300 ## - PHYSICAL DESCRIPTION | |
| Extent | 250 |
| 942 ## - ADDED ENTRY ELEMENTS (KOHA) | |
| Source of classification or shelving scheme | |
| Koha item type | Book Bank |
| Withdrawn status | Lost status | Source of classification or shelving scheme | Damaged status | Not for loan | Home library | Current library | Date acquired | Coded location qualifier | Total Checkouts | Barcode | Date last seen | Date last checked out | Uniform Resource Identifier | Price effective from | Koha item type | Public note |
|---|---|---|---|---|---|---|---|---|---|---|---|---|---|---|---|---|
| IIMT University Central Library Meerut | IIMT University Central Library Meerut | 05/25/2017 | Dept. MBA | 1 | 01-B-90 | 04/26/2022 | 04/26/2022 | INFORMATION SCIENCE | 05/25/2017 | Book Bank | management departmental library books update march 2019 | |||||
| IIMT University Central Library Meerut | IIMT University Central Library Meerut | 05/25/2017 | 1 | 01-B-91 | 03/14/2022 | 11/15/2021 | INFORMATION SCIENCE | 05/25/2017 | Book Bank | |||||||
| IIMT University Central Library Meerut | IIMT University Central Library Meerut | 05/25/2017 | 01-B-92 | 05/25/2017 | INFORMATION SCIENCE | 05/25/2017 | Book Bank |

